Quiz de opción múltiple – Valencia - Estadísticas

Estadísticas generales
  • Esta prueba ha sido intentada 90 veces
  • La puntuación promedio es 8 de 10
Estadísticas de respuestas
Pregunta Respuesta % Correcto
¿Qué palabra se utiliza para referir a las fiestas principales de Valencia en marzo? Fallas
100%
¿Cuál de estos artistas nació en Valencia? Joaquín Sorolla
99%
¿Qué estructura moderna compone parte de la Ciudad de las Artes y las Ciencias? L'Hemisfèric
97%
¿Cuál de los siguientes no es una playa valenciana? Playa de la Barceloneta
96%
¿Qué animal es el símbolo del Valencia Club de Fútbol? Murciélago
94%
Valencia tiene el ______ más grande de Europa. Acuario
88%
¿En qué origen tiene la palabra paella? Sartén
69%
¿Quién conquistó la ciudad de Valencia en 1238? Jaime I
68%
¿Quiénes fundaron la ciudad de Valencia? Los Romanos
65%
La Catedral de Valencia supuestamente tiene este objeto. Santo Cáliz
58%
No se encontraron pruebas coincidentes
Distribución de puntuación
Porcentaje de gente con cada puntuación
Porcentaje por número respondido
Historial de tus puntuaciones
No has intentado esta prueba.